| 000 | 00504 a2200157 4500 | ||
|---|---|---|---|
| 999 |
_c1615 _d1615 |
||
| 020 | _a9788175546004 | ||
| 050 | _aHE151 COL 2005 | ||
| 100 |
_aCole, Stuart _eauthor |
||
| 245 |
_aApplied Transport Economics : _bPolicy, management & decision making _cStuart Cole |
||
| 250 | _a3rd | ||
| 264 |
_aLondon _bKogan Page _c2005 |
||
| 300 |
_a449p. : _bill. |
||
| 500 | _aIncludes bibliographical references and index | ||
| 650 |
_aTransportation. _xTransportation and state. |
||
| 942 |
_2lcc _cBK _e3rd _h151 _iCOL _kHE |
||